Statistiques concernant Les pays contenant entre 20 % et 30 % d'orthodoxes

Cliquez ici pour prendre le quiz!

Statistiques générales

  • Ce quiz a été pris 4 fois
  • Le résultat moyen est 1 sur 3

Statistiques - réponses

Hint Answer % Correct
29,92 %Estonie
100%
23,67 %Albanie
33%
27,21 %Bosnie-Herzégovine
0%

Distribution des résultats

Percentile by Number Answered

% des personnes avec chaque résultat

Votre développement - résultats

Vous n’avez pas pris ce quiz